000 00600nam a2200229Ia 4500
008 220204s9999 xx 000 0 und d
082 _a577.1
_bYUD
100 _aOFFORD, Robin
245 0 _aBiochemistry
260 _aBoston
_bHonghton Miffin Co
_c1975
505 _aA United Kingdom version of this book entitled Comprehensible biochemistry
650 _aCarbohydrate
650 _aEnzyme
650 _aGlycolysis
650 _aLipid
650 _aMacromolecules
650 _aMetabolism
650 _aPhotosynthesis
650 _aProtein
700 _aYUDKIN, Michael
942 _cBK
999 _c25892
_d25892